Enginyeria municipal : funcions i requisits d'accés funcions i requisits d'accés
Descripción Física:
1 fulletó desplegable : il·lustracions ; 21 cm
Idioma:
Catalán
MARC
| LEADER | 00000nam a22000007a 4500 | ||
|---|---|---|---|
| 001 | 25391 | ||
| 008 | 220504b spa||||| |||| 00| 0 cat d | ||
| 017 | |a DL B 6766-2020 | ||
| 080 | |a FU-68-55 | ||
| 245 | |a Enginyeria municipal : |b funcions i requisits d'accés | ||
| 260 | |a Barcelona : |b Diputació de Barcelona, |c 2020 | ||
| 300 | |a 1 fulletó desplegable : |b il·lustracions ; |c 21 cm | ||
| 650 | 0 | |a Mercat de treball |x Barcelona (Província) |9 43671 | |
| 650 | 0 | |9 52761 |a Enginyers industrials |x Oferta i demanda | |
| 710 | |a Barcelona (Catalunya : Província). |b Gerència de Serveis d'Assistència al Govern Local |9 52197 | ||
| 942 | |2 udc |c ARXIU |n 1 | ||
| 952 | |0 0 |1 0 |4 0 |6 FU6855 |7 1 |9 61471 |a Arxiu |b Arxiu |d 2022-05-04 |l 0 |o FU-68-55 |p 25391 |r 2022-05-04 00:00:00 |w 2022-05-04 |y ARXIU | ||
| 999 | |c 81424 |d 81424 | ||